| 000 | 02275cam a22004814i 4500 | ||
|---|---|---|---|
| 003 | PE-LiUPU | ||
| 005 | 20250731173430.0 | ||
| 008 | 150706s2012 flu r 000 0 spa d | ||
| 020 | _a9781588024497 | ||
| 035 | _a(Sirsi) i9781588024497 | ||
| 040 |
_aPE-LiUPU _bspa _cPE-LiUPU _erda |
||
| 049 | _aPRUA | ||
| 082 | 0 | 4 |
_a226.06 _bP47 _221 |
| 100 | 1 |
_aPeterson, Eugene H., _d1932- , _eautor. |
|
| 245 | 1 | 0 |
_aAsí hablaba Jesús : _bsus historia y oraciones / _cEugene H. Peterson. |
| 264 | 1 |
_aMiami, Florida : _bEditorial Patmos, _c2012. |
|
| 300 |
_a287 páginas ; _c21 centímetros |
||
| 336 |
_atext _2rdacontent |
||
| 337 |
_aunmediated _2rdamedia |
||
| 338 |
_avolume _2rdacarrier |
||
| 505 | 0 | _aJesús en sus historias -- Jesús en Samaria: Lucas 9.51-19.27 -- El prójimo: Lucas 10:25-37 -- El amigo: Lucas 11.1-13 -- El constructor del granero: Lucas 12.13-21 -- El abono: Lucas 13.6-9 -- Charlas de sobremesa: : Lucas 14.1-14 -- Los hermanos perdidos : Lucas 15 -- El granuja: Lucas 16.1-9 -- El hombre invisible: Lucas 16-19-31 -- La viuda: Lucas 18.1-8 -- Los pecadores: : Lucas 18.9-14 -- El minimalista: Lucas19.11-27.-Jesús en sus oraciones.-Las seis oraciones de Jesús -- Mateo 6.9-13 -- Mateo 11.25-26 -- Juan 12.27-28 -- Juan 17 -- Mateo 26.39,42 -- Jesús ora desde la cruz: las últimas siete palabras -- La oración en el nombre de Jesús. | |
| 526 | _aSEG42 | ||
| 526 | _aSEG41 | ||
| 526 | _aSEG40 | ||
| 526 | _aSEG39 | ||
| 526 | _aP94 | ||
| 526 | _aP87 | ||
| 526 | _aP86 | ||
| 526 | _aP85 | ||
| 526 | _aP77 | ||
| 526 | _aP76 | ||
| 526 | _aP35 | ||
| 541 | _g001-0000623; | ||
| 630 |
_aBiblia. _pN.T. _pEvangelios _xLenguaje, estilo. |
||
| 600 | 0 | 4 |
_aJesucristo _xParábolas. _95096 |
| 600 | 0 | 4 |
_aJesucristo _xOraciones. |
| 910 |
_cng _d20130425 |
||
| 942 |
_2ddc _cBOOK |
||
| 949 |
_a226.06 P47 _wDEWEY _c1 _i67059 _lCCODEBUL1 _mBUL _p12.00 _r0 _sY _tBOOK _u2015-7-6 _xTEOLOGIA _PP35 _o.STAFF. Colección Teología |
||
| 994 |
_aC0 _bPEPRU |
||
| 596 | _a1 | ||
| 999 |
_a226.06 P47 _wDEWEY _c54766 _i67059 _d54766 _e2017-5-23 _f2021-11-9 _g5 _lCCODEBUL1 _mBUL _n2 _p12.00 _r0 _sY _tBOOK _u2015-7-6 _xTEOLOGIA _PP35 _0COMPRA _o.STAFF. Colección Teología |
||
| 980 |
_81 _gALBERTO SANCHEZ Responsable de Automatización |
||